| 000 | 01094nam a2200277 a 4500 | ||
|---|---|---|---|
| 001 | |||
| 003 | OSt | ||
| 005 | 20220301071411.0 | ||
| 008 | 110330s1983 dr 000 0 spa d | ||
| 040 |
_aBPMSU _bspa _cBPMSU |
||
| 082 |
_a972.9305 _bR696p |
||
| 100 |
_aRodríguez Demorizi, Emilio, _d1908-1986 |
||
| 245 | 1 | 0 |
_aPapeles de Monseñor de Meriño / _cEmilio Rodríguez Demorizi. |
| 260 |
_aSanto Domingo : _bComisión Organizadora de la Feria Nacional del Libro _c1983. |
||
| 300 |
_a266 p. ; _c23 cm. |
||
| 500 | _aA la cabeza de la portada Feria Nacional del Libro 1983, homenaje a Mons. Fernando Arturo De Meriño en el 150 aniversario de su nacimiento 1833-1983 | ||
| 500 | _aIncluye índice. | ||
| 500 | _aIncluye referencias bibliográficas y notas a pie de las páginas | ||
| 590 | _6Inventariado, 2021/VM | ||
| 600 | 4 |
_aMeriño , Fernando Arturo de _d1833-1906. |
|
| 651 | 4 |
_a República Dominicana _xHistoria _y1865-1916 |
|
| 710 | 2 |
_h(11 : _cSanto Domingo ) |
|
| 711 |
_aFeria Nacional del Libro _n(11: _d1983 : _cSanto Domingo) |
||
| 910 | _aVMateo | ||
| 942 |
_2ddc _cBK |
||
| 999 |
_c13534 _d13534 |
||